Super-héros DC Comics - Statistiques

Statistiques générales
  • Ce quiz a été pris 2 472 fois
  • Le résultat moyen est 27 sur 152
Statistiques - réponses
Etat Civil Super-héros % Correct
Bruce Wayne Batman
99%
Clark Kent Superman
99%
Barry Allen | Jay Garrick Flash
95%
Diana Prince Wonder Woman
92%
Alan Scott | Hal Jordan Green Lantern
78%
Arthur Curry Aquaman
76%
Connor Hawke | Oliver Queen Green Arrow
72%
Victor Stone Cyborg
71%
Damian Wayne Robin
71%
Kara Zor-El Supergirl
58%
Barbara Gordon Batgirl
53%
Richard Dick Grayson Nightwing
51%
Dinah Drake | Dinah Lance Black Canary
50%
Bart Allen | Wally West Kid Flash
50%
J'onn J'onzz Martian Manhunter
47%
Jason Todd Red Hood
47%
Ray Palmer | Ryan Choi Atom
46%
Billy Batson Shazam
46%
Hank Hall Hawk
45%
Conner Kent Superboy
42%
Rachel Roth Raven
39%
Shiera Hall Hawkgirl
38%
Kathy Kane Batwoman
37%
Kory Anders/ Koriand'r Starfire
36%
Carter Hall Hawkman
35%
Garfield Logan Beast Boy
33%
Beatriz Da Costa Fire
32%
Zatanna Zatara Zatanna
31%
Jason Rush | Ronnie Raymond Firestorm
29%
Tim Drake Red Robin
29%
Ted Kord Blue Beetle
27%
Cassandra Sandmark Wonder Girl
26%
Teth Adam Black Adam
25%
Hector Hall | Kent Nelson Doctor Fate
24%
Roy Harper Arsenal
20%
Héléna Bertinelli Huntress
17%
Tatsu Yamashiro Katana
16%
Eel O'Brian Plastic Man
16%
Jefferson Pierce Black Lightning
15%
M'gann M'orzz Miss Martian
15%
Ralph Dibny Elongated Man
13%
Stéphanie Brown Spoiler
13%
Courtney Whitemore Stargirl
13%
Francisco Ramon Vibe
13%
Lucas Fox Batwing
12%
Dawn Granger Dove
12%
John Henry Irons Steel
12%
Jason Blood Etrigan
11%
Karen Starr Power Girl
11%
John Smith Red Tornado
11%
Alec Holland Swamp Thing
11%
Jean-Paul Valley Azrael
10%
Michael Carter Booster Gold
10%
Nathaniel Adam Captain Atom
10%
Albert Rothstein Atom Smasher
9%
Ted Grant | Tom Bronson Wildcat
9%
Barda Free Big Barda
8%
Michael Holt Mister Terrific
8%
Cassandra Caïn Orphan
8%
Mari McCabe Vixen
8%
Scott Free Mister Miracle
7%
Duke Thomas Signal
7%
Carol Ferris Star Sapphire
7%
Buddy Baker Animal Man
6%
Boston Brand Deadman
6%
Rick Tyler Hourman
6%
Tora Olafsdotter Ice
6%
Mary Batson Mary Marvel
6%
Vic Sage Question
6%
Sanderson Hawkins Sand
6%
Jim Corrigan Spectre
6%
Karen Beecher-Duncan Bumblebee
5%
Jesse Chambers Jesse Quick
5%
Jennifer Pierce Lightning
5%
Dream | Wesley Dodds Sandman
5%
Jack Knight | Mikaal Tomas Starman
5%
Anissa Pierce Thunder
5%
Rex Mason Metamorpho
4%
Clifford Steele Robotman
4%
Donna Troy Troia
4%
Uncle Sam Uncle Sam
4%
Hank Heywood Commander Steel
3%
Jack Ryder Creeper
3%
Maxine Hunkel Cyclone
3%
Bobo Detective Chimp
3%
Kimiyo Hoshi Doctor Light
3%
Rita Farr Elasti-Girl
3%
Brion Markov Geo Force
3%
Paul Kirk Manhunter
3%
Larry Trainor Negative Man
3%
Rory Regan Ragman
3%
Pat Dugan Stripe
3%
Ray Terrill The Ray
3%
Daniel Cassidy Blue Devil
2%
Querl Dox Brainiac 5
2%
Freddy Freeman Captain Marvel Junior
2%
Nathaniel Heywood Citizen Steel
2%
Grant Emerson Damage
2%
Pieter Cross Doctor Mid Nite
2%
Jennifer-Lynn Hayden Jade
2%
Johnny Chambers Johnny Quick
2%
Lar Gand Mon-El
2%
Todd Rice Obsidian
2%
Imra Ardeen-Ranzz Saturn Girl
2%
Niels Caulder The Chief
2%
Jakeem Thunder | Yz Thunderbolt
2%
Greg Saunders Vigilante
2%
Uno / Curtis Falconer Aztek
1%
John Trujillo Black Condor
1%
Michael Maxwell B'wana Beast
1%
William Glenmorgan Congo Bill
1%
Rokk Krinn Cosmic Boy
1%
Kay Challis Crazy Jane
1%
Lee Travis Crimson Avenger
1%
Vivian D'Aramis Crimson Fox
1%
Darrel Dane Doll Man
1%
Betty Kane Flamebird
1%
Lyta Hall Fury
1%
Cynthia Reynolds Gipsy
1%
Roy Lincoln Human Bomb
1%
Sonia Sato Judomaster
1%
Libby Lawrence Liberty Belle
1%
Garth Ranzz Lightning Lad
1%
Nimue Inwudu Madame Xanadu
1%
Steve Dayton Mento
1%
Jeffrey Graves Mister America
1%
James Rook Nightmaster
1%
Sandra Knight Phantom Lady
1%
Leonid Kovar Red Star
1%
Gavril Ivanovich Rocket Red
1%
Franklin Rock Sergent Rock
1%
Sir Justin Shining Knight
1%
Lucas Carr Snapper Carr
1%
Thom Khallor Starboy
1%
Reep Daggle Chameleon Boy
0%
Dominic Mndawe Freedom Beast
0%
Jeb Stuart Haunted Tank
0%
Edward Bloomberg Kid Devil
0%
Thomas Tresser Nemesis
0%
Drake Burroughs Wildfire
0%
Aucun quiz correspondant
Distribution des résultats
% des personnes avec chaque résultat
Percentile par nombre de réponses
Votre historique - résultats
Vous n’avez pas pris ce quiz